MARC

LEADER 00000nam0a2200000 4500
001 131646
005 20231031134531.0
035 |a (RuTPU)RU\TPU\book\142576 
090 |a 131646 
100 |a 20080220d1976 m y0rusy50 ca 
101 0 |a rus 
102 |a RU 
105 |a a j 000zy 
200 1 |a Гребной спорт  |e учебник  |f под ред. И. Ф. Емчука 
210 |a Москва  |c Физкультура и спорт  |d 1976 
215 |a 245 с.  |c ил. 
610 1 |a гребной спорт 
610 1 |a развитие 
610 1 |a организационная структура 
610 1 |a техника гребли 
610 1 |a спортивная подготовка 
610 1 |a обучение 
610 1 |a тренировки 
610 1 |a психология 
610 1 |a инвентарь 
610 1 |a сооружения 
610 1 |a методика 
610 1 |a история 
675 |a 796.12  |v 3 
702 1 |a Емчук  |b И. Ф.  |4 340 
801 1 |a RU  |b 63413507  |c 20080220  |g PSBO 
801 2 |a RU  |b 63413507  |c 20160121  |g PSBO 
942 |c BK